000 01822nam a2200325Ia 4500
001 C7679
003 IT-RoPAU
008 130308s9999 xx 000 0 und d
040 _aIT-RoPAU
040 _cIT-RoPAU
041 _aITALIANO
100 _aMicheli Sergio
100 _gCodice Aut. SPICS: 3785
245 _aRassegna del cinema bulgaro
245 _bRassegna del Cinema Bulgaro
250 _a1a ed.
260 _aCOMUNE DI SIENA
260 _bRegione Toscana
260 _c1978 [1° Ed.:1978 - Ed.Ling.Originale:1978]
300 _a"44 p. (prefazione: no ; testo: 44 [pagine: 0-0])"
500 _aNote Sul Cinema Bulgaro. Schede e Note Critiche Sui Film in programma nella Rassegna: Zona delle Ville di Eduard Zahariev (1975), Emendamento Alla legge per la salvaguardia Dello Stato di Liudmil Staikov (1975), Il Corno Dicapra di Metodi Andonov (1972), Come una Canzone di Irina Aktasceva e Cristo Piskov (1972), l'ultima Estate di Cristo Kristov (1974), Incudine o Martello di Cristo Kristov (1972), Iulia Vrevskaya di Nikola Korabov (1976). Note su Alcuni cineasti Bulgari: Andonov Metodi, Korabov Nikola, Kovacev Cristo, Cristo Kristov e Altri. breve ritratto di tre Artisti: Katia Paskaleva e Dorotea tonceva (Attrici), Isaak Finzi (Attore). Introduzione al Cinema di Animazione Bulgaro. Note biografiche e Opere di Alcuni registi del Cinemadi Animazione Bulgaro: todor Dinov, Donio Donev, Stoian Dukov, Ivan Vesselinov, Sdenka Doiceva, Radka Backvarova, Proiko Proikov, Cristo topuzanov, Gheorghi Ciavdarov, Asparuh Panov, Konstantin Peronoski, Ivan Andonov, Pencio Bogdanov.
650 _aSTORIA NAZIONALE DEL CINEMA
650 _eCodice materia Spics: 6809
700 _aAA.VV.
700 _gCodice Aut. SPICS: 12000
942 _cBK
957 _71
999 _c72238
_d72238
999 _bSI
999 _g1